[Event "ICS rated blitz match"]
[Site "207.99.83.229"]
[Date "1999.07.22"]
[Round "?"]
[White "Yeldnuh"]
[Black "Hossa"]
[Result "1-0"]
[WhiteElo "2475"]
[BlackElo "2440"]
[PlyCount "94"]
[EventDate "1999.??.??"]

1. d4 d5 2. c4 e6 3. Nc3 Nf6 4. Nf3 Nbd7 5. cxd5 exd5 6. Bg5 Be7 7. e3 O-O 8.
Qc2 c6 9. Bd3 Re8 10. O-O Nf8 11. Rab1 Ng6 12. b4 Be6 13. b5 c5 14. Bxf6 Bxf6
15. dxc5 Rc8 16. Na4 Bg4 17. Rfd1 Bxf3 18. gxf3 Bh4 19. f4 Bf6 20. b6 Ra8 21.
bxa7 Rxa7 22. Nb6 d4 23. exd4 Nxf4 24. d5 Nxd3 25. Rxd3 Bh4 26. Kh1 Qf6 27. f3
Qg6 28. Rd2 Qf6 29. Qd3 Qe7 30. Qb5 Qe3 31. Rf1 Re7 32. Rg2 Re5 33. Nc8 Ra3 34.
f4 Re4 35. Nd6 Re7 36. Nf5 Qh3 37. Nxe7+ Bxe7 38. Qe8+ Bf8 39. Rxg7+ Kxg7 40.
Rg1+ Rg3 41. Rxg3+ Qxg3 42. hxg3 Bxc5 43. Qe5+ Kg8 44. d6 Bxd6 45. Qxd6 Kg7 46.
a4 h6 47. a5 47... h5 {Hossa resigns} 1-0

[Event "ICS rated blitz match"]
[Site "207.99.83.229"]
[Date "1999.07.22"]
[Round "?"]
[White "Hossa"]
[Black "TDChess"]
[Result "0-1"]
[WhiteElo "2426"]
[BlackElo "2497"]
[PlyCount "168"]
[EventDate "1999.??.??"]

1. d4 Nf6 2. c4 e6 3. Nc3 Bb4 4. Bg5 Bxc3+ 5. bxc3 c5 6. Bxf6 Qxf6 7. e4 Nc6 8.
e5 Qg6 9. f4 Qe4+ 10. Ne2 cxd4 11. cxd4 b6 12. Qb1 Qxb1+ 13. Rxb1 Ba6 14. Rc1
Rc8 15. g3 Na5 16. c5 bxc5 17. Rxc5 Rxc5 18. dxc5 Nb7 19. Nd4 Bxf1 20. Rxf1
Nxc5 21. Ke2 Ke7 22. Rc1 Na6 23. Nb5 Ra8 24. Rc4 Rb8 25. a4 h5 26. Nxa7 Rb2+
27. Ke3 Rxh2 28. Nc8+ Kf8 29. Nd6 g6 30. Rc8+ Kg7 31. Ne8+ Kh6 32. Nf6 Ra2 33.
Rh8+ Kg7 34. Rh7+ Kf8 35. Nxd7+ Ke7 36. Nb6 Ra3+ 37. Ke2 Rc3 38. Ke1 Nb4 39.
Kf2 Rc6 40. a5 Rc5 41. Kg2 Rxa5 42. Nc8+ Kf8 43. Nd6 Ra7 44. Ne4 Nd5 45. Ng5
Kg8 46. Kf2 Nc3 47. Kf3 Rb7 48. Ke3 Na4 49. Kd4 Rb4+ 50. Ke3 Rb3+ 51. Kf2 Nc5
52. Rh6 Ne4+ 53. Nxe4 Kg7 54. Ng5 Kxh6 55. Nxf7+ Kg7 56. Ng5 Rb6 57. Kf3 Kf8
58. Ke3 Ke7 59. Ne4 Rb3+ 60. Kf2 Ra3 61. Ng5 Ra4 62. Kf3 Rb4 63. Ne4 Kf8 64.
Ng5 Rb3+ 65. Ke2 Rxg3 66. Nxe6+ Ke7 67. Nd4 h4 68. f5 h3 69. Nf3 gxf5 70. Nd4
Rg5 71. Nf3 Rg4 72. Kf1 Rf4 73. Ke2 Rxf3 74. Kxf3 f4 75. Ke4 h2 76. Kxf4 h1=Q
77. Ke3 Ke6 78. Ke2 Qh3 79. Kf2 Kf5 80. e6 Kf4 81. Ke1 Qc3+ 82. Kf2 Qf3+ 83.
Kg1 Kg3 84. e7 84... Qg2# {Hossa checkmated} 0-1

[Event "ICS rated blitz match"]
[Site "207.99.83.229"]
[Date "1999.07.22"]
[Round "?"]
[White "brutus"]
[Black "Hossa"]
[Result "0-1"]
[WhiteElo "2087"]
[BlackElo "2413"]
[PlyCount "96"]
[EventDate "1999.??.??"]

1. e4 Nf6 2. Nc3 d5 3. e5 d4 4. exf6 dxc3 5. dxc3 Qxd1+ 6. Kxd1 gxf6 7. Bd3 e5
8. Ne2 Nc6 9. Ng3 Be6 10. Be3 Bd5 11. f3 O-O-O 12. Ke2 Kb8 13. b3 Ba3 14. Rad1
Bb2 15. c4 Be6 16. Bf5 Rdg8 17. Kf2 Nb4 18. Bxe6 fxe6 19. Rd7 Nxc2 20. Rhd1
Nxe3 21. Kxe3 f5 22. Kf2 Kc8 23. Re7 Bd4+ 24. Kf1 Re8 25. Rxe8+ Rxe8 26. Nh5
Rd8 27. Nf6 h6 28. Nh5 e4 29. fxe4 fxe4 30. Rd2 Rf8+ 31. Ke1 Bc3 32. Ng3 e3 33.
Ke2 Bxd2 34. Ne4 Rf4 35. Nxd2 exd2 36. Kxd2 Rf2+ 37. Ke3 Rxg2 38. h4 Rxa2 39.
Ke4 Rh2 40. Ke5 Kd7 41. Kf6 Rxh4 42. Kg6 e5 43. Kf5 e4 44. Ke5 e3 45. Kd5 e2
46. Ke5 e1=Q+ 47. Kf6 Rg4 48. Kf7 48... Qf1# {brutus checkmated} 0-1

[Event "ICS rated blitz match"]
[Site "207.99.83.229"]
[Date "1999.07.22"]
[Round "?"]
[White "Hossa"]
[Black "brutus"]
[Result "1/2-1/2"]
[WhiteElo "2417"]
[BlackElo "2083"]
[PlyCount "169"]
[EventDate "1999.??.??"]

1. d4 Nf6 2. c4 g6 3. Nc3 d5 4. cxd5 Nxd5 5. e4 Nxc3 6. bxc3 Bg7 7. Be3 O-O 8.
Bc4 c5 9. Ne2 cxd4 10. cxd4 Nc6 11. O-O Na5 12. Rc1 Nxc4 13. Rxc4 b6 14. Qa4
Bd7 15. Qb4 Rc8 16. f3 Rxc4 17. Qxc4 Qc8 18. Qd3 Qb7 19. a3 Rc8 20. Rc1 Rxc1+
21. Bxc1 Qc6 22. Bb2 Qb5 23. Qxb5 Bxb5 24. Kf2 e6 25. g4 Kf8 26. h4 Ke7 27. Bc3
Kd7 28. g5 a5 29. d5 Bxe2 30. dxe6+ Kxe6 31. Bxg7 Bc4 32. Bd4 b5 33. Bc3 a4 34.
f4 Kd6 35. Ke3 Ke6 36. Bg7 Bf1 37. Kf3 Bc4 38. Bh8 Bf1 39. Be5 Bc4 40. Ke3 Bb3
41. Bf6 Bc4 42. Bh8 Bb3 43. Bg7 Bc4 44. Bd4 Bb3 45. Be5 Bc4 46. Kd4 Bb3 47. Bg7
Bc4 48. Bh8 Bf1 49. Ke3 Bc4 50. Bf6 Bb3 51. Kd3 Bc4+ 52. Kc3 Bf1 53. Bh8 Bc4
54. Bg7 Bf1 55. Kd2 Bc4 56. Be5 Bb3 57. Ke2 Bc4+ 58. Kf3 Bb3 59. Bh8 Bc4 60.
Bg7 Bb3 61. Bc3 Bc4 62. Bf6 Bb3 63. Kf2 Bc4 64. Bg7 Bb3 65. Ba1 Bc4 66. Bf6 Bb3
67. Kg3 Bc4 68. Ba1 Bb3 69. Kf3 Bc4 70. Ke3 Bb3 71. Bb2 Bc4 72. Kd2 Bb3 73. Bc3
Bc4 74. Bg7 Bb3 75. Kd3 Bc4+ 76. Kd4 Bf1 77. Bf6 Bc4 78. Bd8 Bf1 79. Bb6 Bc4
80. Ke3 Bb3 81. Bd4 Bc4 82. Kd2 Bb3 83. Ba1 Bc4 84. Bf6 Bb3 85. Ke3 {
Game drawn by the 50 move rule} 1/2-1/2

[Event "ICS rated blitz match"]
[Site "207.99.83.229"]
[Date "1999.07.22"]
[Round "?"]
[White "brutus"]
[Black "Hossa"]
[Result "0-1"]
[WhiteElo "2095"]
[BlackElo "2405"]
[PlyCount "40"]
[EventDate "1999.??.??"]

1. e4 Nf6 2. Nc3 d5 3. e5 d4 4. exf6 dxc3 5. fxe7 cxd2+ 6. Bxd2 Qxe7+ 7. Qe2
Be6 8. f4 Nc6 9. Nf3 Nb4 10. Bxb4 Qxb4+ 11. c3 Qxf4 12. Qb5+ c6 13. Qxb7 Rb8
14. Qxc6+ Bd7 15. Qd5 Qe3+ 16. Be2 Rxb2 17. Qa8+ Ke7 18. Nd4 Qxc3+ 19. Kf1 Qxd4
20. Re1 20... Be6 {brutus resigns} 0-1

[Event "ICS rated blitz match"]
[Site "207.99.83.229"]
[Date "1999.07.22"]
[Round "?"]
[White "Hossa"]
[Black "brutus"]
[Result "1-0"]
[WhiteElo "2410"]
[BlackElo "2090"]
[PlyCount "61"]
[EventDate "1999.??.??"]

1. d4 Nf6 2. c4 g6 3. Nc3 d5 4. cxd5 Nxd5 5. e4 Nxc3 6. bxc3 Bg7 7. Bg5 O-O 8.
Bd3 c5 9. Ne2 Nc6 10. d5 Ne5 11. O-O Nxd3 12. Qxd3 Qc7 13. Qe3 b5 14. Bh6 a5
15. Rab1 b4 16. Bxg7 Kxg7 17. Rfc1 Ba6 18. cxb4 Bxe2 19. Rxc5 Qb6 20. Qxe2 axb4
21. Rc2 Rfb8 22. Qd2 Ra3 23. Qg5 Qa7 24. Rbc1 Rxa2 25. Rxa2 Qxa2 26. Qe5+ f6
27. Qxb8 b3 28. Qb7 b2 29. Rf1 Qa1 30. d6 Kh6 31. dxe7 {brutus resigns} 1-0

[Event "ICS rated blitz match"]
[Site "207.99.83.229"]
[Date "1999.07.22"]
[Round "?"]
[White "brutus"]
[Black "Hossa"]
[Result "0-1"]
[WhiteElo "2086"]
[BlackElo "2414"]
[PlyCount "36"]
[EventDate "1999.??.??"]

1. e4 Nf6 2. Nc3 d5 3. e5 d4 4. exf6 dxc3 5. fxe7 cxd2+ 6. Qxd2 Qxd2+ 7. Bxd2
Bxe7 8. O-O-O O-O 9. Bc3 Be6 10. f4 Nc6 11. Nf3 Rfd8 12. Bb5 Nb4 13. a3 Na2+
14. Kb1 Nxc3+ 15. bxc3 Bxa3 16. Bd3 Rd6 17. Nd4 Rb6+ 18. Ka1 18... Bb2+ {
brutus resigns} 0-1

[Event "ICS rated blitz match"]
[Site "207.99.83.229"]
[Date "1999.07.22"]
[Round "?"]
[White "Beadle"]
[Black "Hossa"]
[Result "1-0"]
[WhiteElo "2565"]
[BlackElo "2422"]
[PlyCount "72"]
[EventDate "1999.??.??"]

1. e4 Nf6 2. e5 Nd5 3. c4 Nb6 4. d4 d6 5. f4 Bf5 6. Bd3 Bxd3 7. Qxd3 dxe5 8.
fxe5 c5 9. Be3 cxd4 10. Bxd4 Nc6 11. Nf3 Nxd4 12. Nxd4 Qc7 13. O-O Qxc4 14. Qd2
Rd8 15. Rf4 Qc5 16. e6 fxe6 17. b4 Qd6 18. Nf3 e5 19. Re4 Qg6 20. Qe2 Rd1+ 21.
Qxd1 Qxe4 22. Qb3 Qf4 23. Na3 e4 24. Nd4 Qe5 25. Rd1 Qd5 26. Qb1 e5 27. Nf5 Qc6
28. Rc1 Qa4 29. Qxe4 Qxa3 30. Qxe5+ Kf7 31. Nh6+ Kg6 32. Qe6+ Kh5 33. g4+ Kh4
34. Qe1+ Kh3 35. Rc3+ Qxc3 36. Qxc3+ 36... Kh4 {Hossa resigns} 1-0

[Event "ICS rated blitz match"]
[Site "207.99.83.229"]
[Date "1999.07.22"]
[Round "?"]
[White "Hossa"]
[Black "Beadle"]
[Result "0-1"]
[WhiteElo "2412"]
[BlackElo "2575"]
[PlyCount "91"]
[EventDate "1999.??.??"]

1. d4 d5 2. c4 e6 3. Nc3 Be7 4. cxd5 exd5 5. Bf4 c6 6. Qc2 Na6 7. e3 Nb4 8. Qb1
g5 9. Bg3 Nh6 10. a3 Bf5 11. e4 Bxe4 12. Nxe4 dxe4 13. Be2 Qxd4 14. axb4 Bxb4+
15. Kf1 Nf5 16. Bc7 O-O 17. Bg4 Ne7 18. Ne2 Qd5 19. h4 f5 20. Bh5 Rfc8 21. Bh2
g4 22. Bf4 Rd8 23. Bg5 Qc4 24. Rg1 Rd5 25. g3 a5 26. Bf6 Rf8 27. Bg5 Qa6 28.
Qc2 Rfd8 29. Kg2 Rd3 30. Qa4 R8d7 31. Nf4 R3d6 32. Be8 Rc7 33. Qb3+ Nd5 34.
Nxd5 Rxd5 35. Rgd1 Qe2 36. Kg1 a4 37. Qxa4 Bc5 38. Rf1 e3 39. Qa8 exf2+ 40. Kh2
Kg7 41. Bd8 Qe5 42. Bxc7 Qxc7 43. Qa5 Qe5 44. Qa8 Rd3 45. Kh1 Qd5+ 46. Kh2 {
Hossa resigns} 0-1

[Event "ICS rated bullet match"]
[Site "207.99.83.229"]
[Date "1999.07.22"]
[Round "?"]
[White "Hossa"]
[Black "Beadle"]
[Result "0-1"]
[WhiteElo "2354"]
[BlackElo "2463"]
[PlyCount "112"]
[EventDate "1999.??.??"]

1. d4 d5 2. c4 c6 3. Nc3 e6 4. cxd5 exd5 5. Qc2 Bd6 6. e4 dxe4 7. Qxe4+ Be6 8.
Bc4 Nf6 9. Qe2 Qe7 10. Bxe6 Qxe6 11. Bg5 Nbd7 12. Qxe6+ fxe6 13. Nge2 O-O 14.
f4 Nd5 15. g3 h6 16. Bh4 N7b6 17. O-O-O Nc4 18. Ne4 Rf5 19. Nxd6 Nxd6 20. Rde1
Ne4 21. g4 Rf7 22. Ref1 Raf8 23. f5 exf5 24. gxf5 Rxf5 25. Rxf5 Rxf5 26. Rg1
Rf3 27. Re1 Nb4 28. Rg1 Nxa2+ 29. Kb1 Nb4 30. Be1 Nd5 31. Ng3 Ng5 32. Ne2 Re3
33. Nc3 Nf3 34. Nxd5 cxd5 35. Bf2 Re2 36. Rg2 Nd2+ 37. Kc1 Ne4 38. b4 Nxf2 39.
Kb1 Kf7 40. Rg3 Ne4 41. Ra3 a6 42. h3 Rd2 43. Ra5 Rxd4 44. Ka1 Ke6 45. b5 Rb4
46. Ra3 d4 47. Rf3 Rxb5 48. Rf4 Nc3 49. Rf1 d3 50. Rg1 d2 51. Rg6+ Kd5 52. Rg1
d1=R+ 53. Rxd1+ Nxd1 54. Ka2 Nc3+ 55. Ka3 Kc4 56. h4 56... Rb3# {
Hossa checkmated} 0-1

[Event "ICS rated blitz match"]
[Site "207.99.83.229"]
[Date "1999.07.22"]
[Round "?"]
[White "Beadle"]
[Black "Hossa"]
[Result "1-0"]
[WhiteElo "2584"]
[BlackElo "2403"]
[PlyCount "120"]
[EventDate "1999.??.??"]

1. d4 d5 2. Nf3 Nf6 3. c4 dxc4 4. e3 a6 5. Bxc4 b5 6. Bd3 e6 7. a4 b4 8. e4 c5
9. e5 Nfd7 10. Be4 Ra7 11. Be3 Bb7 12. Bxb7 Rxb7 13. d5 Qc7 14. d6 Qc6 15. Nbd2
Nxe5 16. Nxe5 Qxg2 17. Qf3 Qxf3 18. Nexf3 Bxd6 19. Ne4 Bf8 20. Nxc5 Rc7 21. Rc1
Be7 22. Rg1 O-O 23. Bh6 Bf6 24. Ne4 Rxc1+ 25. Bxc1 Nd7 26. Nxf6+ Nxf6 27. Bh6
Nh5 28. Rg5 Rc8 29. Rxh5 gxh6 30. Kd2 Kg7 31. Nd4 Kg6 32. Ra5 Rd8 33. Ke3 Rd6
34. Rc5 Rd7 35. a5 e5 36. Rxe5 Kg7 37. Rc5 Ra7 38. Rc6 Ra8 39. Nf5+ Kf8 40. Kd4
h5 41. Kc4 b3 42. Kxb3 Kg8 43. Ne3 Kg7 44. Kc3 f6 45. Nd5 f5 46. Nc7 Rg8 47.
Rxa6 Kf7 48. Rb6 Rg1 49. a6 Rc1+ 50. Kd3 Rd1+ 51. Ke3 Ra1 52. Rb7 Kf6 53. a7
Kg5 54. a8=Q Rxa8 55. Nxa8 h6 56. b4 h4 57. b5 Kg4 58. Rg7+ Kh3 59. b6 Kxh2 60.
b7 60... f4+ {Hossa resigns} 1-0

[Event "ICS rated blitz match"]
[Site "207.99.83.229"]
[Date "1999.07.22"]
[Round "?"]
[White "attakinski"]
[Black "Hossa"]
[Result "1-0"]
[WhiteElo "2682"]
[BlackElo "2423"]
[PlyCount "80"]
[EventDate "1999.??.??"]

1. e4 Nf6 2. e5 Nd5 3. d3 c5 4. c4 Nc7 5. Bg5 d6 6. exd6 Qxd6 7. Nc3 e5 8. Ne4
Qc6 9. Be2 Qb6 10. Bc1 Ne6 11. Nf3 Nc6 12. O-O Be7 13. Nc3 Qd8 14. Nd5 O-O 15.
Re1 Bd6 16. Be3 Ned4 17. Ng5 Rb8 18. Ne4 f6 19. Bf3 Be6 20. g3 Nxf3+ 21. Qxf3
Nd4 22. Bxd4 cxd4 23. c5 Bxc5 24. Nf4 exf4 25. Nxc5 Bh3 26. g4 Qc8 27. Ne6 Re8
28. Qd5 Rxe6 29. Rxe6 Kh8 30. Qf5 f3 31. Rae1 Qf8 32. Qxf3 Bxg4 33. Qxg4 Rd8
34. Re7 Qg8 35. Rxb7 f5 36. Qxf5 Rd6 37. Rxa7 Rg6+ 38. Kh1 Rf6 39. Qg4 Rxf2 40.
Qxd4 40... Rf8 {Hossa resigns} 1-0

[Event "ICS rated blitz match"]
[Site "207.99.83.229"]
[Date "1999.07.22"]
[Round "?"]
[White "Hossa"]
[Black "attakinski"]
[Result "1/2-1/2"]
[WhiteElo "2417"]
[BlackElo "2688"]
[PlyCount "153"]
[EventDate "1999.??.??"]

1. d4 d5 2. c4 e6 3. Nc3 c5 4. cxd5 exd5 5. Nf3 Nc6 6. g3 Nf6 7. Bg2 Be7 8. O-O
O-O 9. Bg5 cxd4 10. Nxd4 h6 11. Bf4 Bg4 12. Qa4 Qd7 13. e4 Nxd4 14. Qxd4 dxe4
15. Qxd7 Bxd7 16. Nxe4 Bc6 17. Nxf6+ Bxf6 18. Bxc6 bxc6 19. Rab1 Bd4 20. b3 c5
21. Rbd1 a5 22. Bc7 Rfe8 23. Rfe1 Rxe1+ 24. Rxe1 a4 25. bxa4 Rxa4 26. Re8+ Kh7
27. Re2 c4 28. Rc2 c3 29. Bd6 Kg6 30. a3 Ra6 31. Bb4 Kf5 32. Bxc3 Rc6 33. Bxd4
Rxc2 34. Bxg7 h5 35. Kg2 Ke4 36. Bf6 Ra2 37. Be7 Rd2 38. Bb4 Rb2 39. Bf8 f5 40.
Bd6 Rd2 41. Bb4 Ra2 42. Bc5 Rc2 43. Be7 Re2 44. h3 Rc2 45. Bf6 Rd2 46. h4 Ra2
47. Be7 f4 48. gxf4 Kxf4 49. Bd6+ Kg4 50. Be7 Rc2 51. Bd8 Re2 52. Bf6 Kf5 53.
Bc3 Re4 54. Kg3 Rg4+ 55. Kh3 Rf4 56. Kg3 Ke4 57. Bb4 Rg4+ 58. Kh3 Kf3 59. Bc5
Rc4 60. Be3 Rc3 61. Bb6 Rxa3 62. Bc5 Rc3 63. Bb6 Rc4 64. Be3 Re4 65. Bb6 Re1
66. Kh2 Re2 67. Kh3 Rd2 68. Bc5 Rc2 69. Bb6 Rb2 70. Be3 Rb7 71. Bc5 Rc7 72. Be3
Rc4 73. Bb6 Rc2 74. Be3 Ra2 75. Bc5 Rd2 76. Be3 Rd8 77. Bc5 {
Game drawn by mutual agreement} 1/2-1/2

[Event "ICS rated blitz match"]
[Site "207.99.83.229"]
[Date "1999.07.22"]
[Round "?"]
[White "bookbuilder"]
[Black "Hossa"]
[Result "1-0"]
[WhiteElo "2664"]
[BlackElo "2427"]
[PlyCount "87"]
[EventDate "1999.??.??"]

1. e4 Nf6 2. e5 Nd5 3. Nf3 d6 4. d4 dxe5 5. dxe5 Bg4 6. h3 Bxf3 7. Qxf3 e6 8.
Qg3 Qd7 9. Qb3 Nc6 10. Qxb7 Rb8 11. Qa6 Ndb4 12. Qc4 Nxe5 13. Qe2 Qa4 14. Na3
Bd6 15. f4 Ng6 16. g3 Nc6 17. Qc4 Rb4 18. Qd3 Re4+ 19. Kf2 Bxa3 20. bxa3 O-O
21. Be3 Rd8 22. Qb3 Rb8 23. Bg2 Rxb3 24. axb3 Rxf4+ 25. gxf4 Qb5 26. c4 Qa6 27.
Rhd1 Nge7 28. b4 Qxc4 29. Bxc6 Nxc6 30. Rac1 Qb3 31. Rd7 g5 32. Rxc6 gxf4 33.
Bxf4 Qxa3 34. Be5 h5 35. Rcxc7 a5 36. Rxf7 Qa2+ 37. Kg3 Qb3+ 38. Kh4 Qxb4+ 39.
Kxh5 Qf8 40. Rg7+ Qxg7 41. Bxg7 Kh7 42. Bf6+ Kg8 43. Kg6 a4 44. Rc8# {
Hossa checkmated} 1-0

[Event "ICS rated blitz match"]
[Site "207.99.83.229"]
[Date "1999.07.22"]
[Round "?"]
[White "friendlymate"]
[Black "Hossa"]
[Result "0-1"]
[WhiteElo "2032"]
[BlackElo "2420"]
[PlyCount "62"]
[EventDate "1999.??.??"]

1. d4 d5 2. c4 e6 3. Nc3 Nf6 4. Bg5 c6 5. e3 Be7 6. Rc1 O-O 7. Nf3 Qb6 8. b3 h6
9. Bxf6 Bxf6 10. Bd3 Nd7 11. O-O Rb8 12. Bb1 Qb4 13. e4 dxc4 14. e5 Be7 15.
bxc4 Qxc4 16. Ne4 Qb4 17. Qd3 Rd8 18. Nf6+ Nxf6 19. exf6 Bxf6 20. Qh7+ Kf8 21.
d5 exd5 22. Rce1 Be6 23. Bf5 Re8 24. Bxe6 fxe6 25. Rxe6 Rxe6 26. Qh8+ Kf7 27.
Qxb8 Qb6 28. Qf4 Re2 29. Nh4 Re4 30. Qf5 Rxh4 31. Qd7+ 31... Kg6 {
friendlymate resigns} 0-1

[Event "ICS rated blitz match"]
[Site "207.99.83.229"]
[Date "1999.07.22"]
[Round "?"]
[White "Hossa"]
[Black "AdnanAbi"]
[Result "1-0"]
[WhiteElo "2423"]
[BlackElo "2062"]
[PlyCount "36"]
[EventDate "1999.??.??"]

1. d4 e6 2. c4 Nf6 3. Nc3 d5 4. e3 Bb4 5. Bd3 O-O 6. Nge2 dxc4 7. Bxc4 c5 8.
O-O cxd4 9. exd4 Nc6 10. Bf4 Ne7 11. Rc1 Nfd5 12. Bg5 Bxc3 13. Nxc3 Nxc3 14.
Rxc3 Qd7 15. Qg4 Ng6 16. Qe4 h6 17. Bd2 Rd8 18. Be3 18... Qb5 {AdnanAbi resigns
} 1-0

[Event "ICS rated blitz match"]
[Site "207.99.83.229"]
[Date "1999.07.22"]
[Round "?"]
[White "AdnanAbi"]
[Black "Hossa"]
[Result "0-1"]
[WhiteElo "2058"]
[BlackElo "2427"]
[PlyCount "34"]
[EventDate "1999.??.??"]

1. e4 Nf6 2. Nc3 d5 3. e5 d4 4. exf6 dxc3 5. fxg7 cxd2+ 6. Bxd2 Bxg7 7. c3 Nc6
8. Bc4 Ne5 9. Bb3 Nd3+ 10. Kf1 Rf8 11. Qh5 Nxf2 12. Nf3 Nxh1 13. Kg1 Ng3 14.
hxg3 Qd6 15. Bf4 Qb6+ 16. Kh2 Bd7 17. Qxh7 17... Rh8 {AdnanAbi resigns} 0-1

[Event "ICS rated blitz match"]
[Site "207.99.83.229"]
[Date "1999.07.22"]
[Round "?"]
[White "Hossa"]
[Black "bookbuilder"]
[Result "0-1"]
[WhiteElo "2430"]
[BlackElo "2671"]
[PlyCount "126"]
[EventDate "1999.??.??"]

1. d4 d5 2. c4 dxc4 3. e4 Nf6 4. e5 Nd5 5. Bxc4 c6 6. Nc3 Nxc3 7. bxc3 e6 8.
Nh3 b5 9. Bd3 b4 10. Ng5 bxc3 11. Qf3 Qd7 12. Bxh7 Bb4 13. Bc2 Ba6 14. Rb1 Bf8
15. Qxc3 Be7 16. Rb3 Qd5 17. Be4 Qc4 18. Qxc4 Bxc4 19. Rb2 O-O 20. Rc2 Bb5 21.
f4 Na6 22. Nh7 Rfd8 23. Be3 Nb4 24. Rd2 Nd5 25. Kf2 Nc3 26. Bc2 Nxa2 27. Ra1
Nb4 28. Be4 Nd5 29. Rb2 Bb4 30. Rb3 Nxe3 31. Rxb4 Nf5 32. Bxf5 exf5 33. Ng5 a5
34. Rb3 Rxd4 35. Ke3 Rd5 36. Rbb1 a4 37. Nf3 Rd3+ 38. Kf2 a3 39. g3 Rad8 40. h4
Rc3 41. Rc1 Rxc1 42. Rxc1 a2 43. Ra1 Bc4 44. Ke1 Kf8 45. Nd2 Be6 46. Nf3 Ke7
47. Kf2 Bc4 48. Kg2 Bb3 49. Kf2 Rd1 50. Rxa2 Bxa2 51. Ke3 Bd5 52. Nd4 Be4 53.
Ne2 Rd3+ 54. Kf2 c5 55. Ng1 c4 56. Ne2 c3 57. h5 c2 58. Nc1 Rd1 59. Na2 Ra1 60.
Nc1 Rxc1 61. g4 Rh1 62. h6 c1=Q 63. h7 63... Qe1# {Hossa checkmated} 0-1

[Event "ICS rated blitz match"]
[Site "207.99.83.229"]
[Date "1999.07.22"]
[Round "?"]
[White "GIRONA"]
[Black "Hossa"]
[Result "0-1"]
[WhiteElo "2034"]
[BlackElo "2424"]
[PlyCount "67"]
[EventDate "1999.??.??"]

1. Nf3 Nf6 2. g3 d5 3. Bg2 e6 4. c4 Bd6 5. O-O dxc4 6. Na3 Bxa3 7. Qa4+ Bd7 8.
Qxa3 Bc6 9. Re1 Qd6 10. Qc3 Bd5 11. Ne5 Bxg2 12. Kxg2 b5 13. a4 Nd5 14. Qd4 c5
15. Nxc4 Qc6 16. Nd6+ Kf8 17. Qe4 bxa4 18. Rxa4 Qxd6 19. d4 Qc6 20. dxc5 f5 21.
Qf3 Qxa4 22. e4 Qb4 23. Re2 Qxc5 24. b4 Nxb4 25. Ba3 a5 26. exf5 Qd5 27. Re4 e5
28. f6 g5 29. Qf5 Kf7 30. f3 Qa2+ 31. Kg1 Qxa3 32. Rxe5 Qc1+ 33. Kg2 Qc2+ 34.
Kh3 {GIRONA resigns} 0-1

[Event "ICS Rated blitz match"]
[Site "207.99.83.229"]
[Date "1999.07.22"]
[Round "?"]
[White "Hossa"]
[Black "GIRONA"]
[Result "1-0"]
[WhiteElo "2427"]
[BlackElo "2031"]
[PlyCount "81"]
[EventDate "1999.??.??"]

1. d4 Nf6 2. c4 c5 3. d5 e6 4. Nc3 exd5 5. cxd5 d6 6. Nf3 g6 7. Nd2 Nbd7 8. e4
a6 9. Be2 Bg7 10. O-O O-O 11. Nf3 Re8 12. Qd3 b5 13. Bg5 Qc7 14. a3 Bb7 15. Nd2
Rac8 16. Rac1 h6 17. Bf4 c4 18. Qg3 Ne5 19. Qh4 Kh7 20. Bg5 Nfd7 21. Rc2 Nd3
22. Nd1 Qa5 23. Bxd3 cxd3 24. Rxc8 Bxc8 25. Nc3 Ne5 26. Bf6 b4 27. Bxg7 Kxg7
28. Ncb1 Qb6 29. Kh1 a5 30. f3 Bd7 31. axb4 axb4 32. Rd1 Rc8 33. b3 Rc2 34. Qe7
Bb5 35. h3 h5 36. f4 Nd7 37. f5 Nf6 38. fxg6 Kxg6 39. Rf1 Qd4 40. Qxd6 h4 41.
e5 {GIRONA resigns} 1-0

[Event "ICS rated blitz match"]
[Site "207.99.83.229"]
[Date "1999.07.22"]
[Round "?"]
[White "XXXX-2"]
[Black "Hossa"]
[Result "1-0"]
[WhiteElo "2525"]
[BlackElo "2430"]
[PlyCount "82"]
[EventDate "1999.??.??"]

1. e4 Nf6 2. e5 Nd5 3. d4 d6 4. c4 Nb6 5. f4 dxe5 6. fxe5 Bf5 7. Nc3 Nc6 8. Be3
f6 9. Nf3 Bg4 10. Be2 fxe5 11. d5 Bxf3 12. gxf3 Nb4 13. a3 Na6 14. c5 Nxd5 15.
Qxd5 Qxd5 16. Nxd5 O-O-O 17. Bxa6 Rxd5 18. Bc4 Rd8 19. Rd1 Rxd1+ 20. Kxd1 g6
21. c6 a5 22. cxb7+ Kxb7 23. Ke2 Bg7 24. Rd1 Kc6 25. Bd3 Rb8 26. Be4+ Kb5 27.
Rd7 Ka6 28. Bd3+ Kb7 29. Rxe7 Bf8 30. Rxh7 Kc6 31. Bc1 Bc5 32. Rg7 Bd4 33.
Rxg6+ Kd7 34. Bf5+ Ke7 35. Ra6 Bxb2 36. Bg5+ Kf7 37. Rxa5 Bd4 38. h4 Rb7 39.
Rd5 c5 40. Rd7+ Rxd7 41. Bxd7 41... c4 {Hossa resigns} 1-0

[Event "ICS rated blitz match"]
[Site "207.99.83.229"]
[Date "1999.07.22"]
[Round "?"]
[White "Hossa"]
[Black "pagoda"]
[Result "1-0"]
[WhiteElo "2418"]
[BlackElo "2102"]
[PlyCount "28"]
[EventDate "1999.??.??"]

1. Nf3 Nf6 2. g3 d6 3. d4 Bg4 4. Bg2 d5 5. Ne5 Bf5 6. O-O c6 7. c3 e6 8. f3 Bd6
9. e4 dxe4 10. fxe4 Bxe4 11. Nxf7 Kxf7 12. Bxe4 Rf8 13. Bxh7 Rh8 14. Qd3 14...
Nbd7 {pagoda resigns} 1-0

[Event "ICS Rated blitz match"]
[Site "207.99.83.229"]
[Date "1999.07.22"]
[Round "?"]
[White "SlickMick"]
[Black "Hossa"]
[Result "0-1"]
[WhiteElo "2065"]
[BlackElo "2422"]
[PlyCount "25"]
[EventDate "1999.??.??"]

1. e4 Nf6 2. e5 Nd5 3. d4 d6 4. Nf3 Bg4 5. Be2 c6 6. O-O e6 7. exd6 Bxd6 8. h3
Bh5 9. c4 Nf4 10. Bxf4 Bxf4 11. Nc3 O-O 12. d5 Qb6 13. dxe6 {SlickMick resigns}
0-1

[Event "ICS rated blitz match"]
[Site "207.99.83.229"]
[Date "1999.07.22"]
[Round "?"]
[White "Hossa"]
[Black "Geheimnis"]
[Result "1/2-1/2"]
[WhiteElo "2426"]
[BlackElo "2161"]
[PlyCount "157"]
[EventDate "1999.??.??"]

1. d4 c5 2. dxc5 e6 3. Nc3 Bxc5 4. Ne4 d5 5. Nxc5 Qa5+ 6. Bd2 Qxc5 7. Bc3 Nf6
8. Bxf6 gxf6 9. Qd2 h5 10. c4 dxc4 11. e4 Bd7 12. Rc1 Nc6 13. Bxc4 Qa5 14. Qxa5
Nxa5 15. Bd3 Nc6 16. Ne2 a6 17. O-O e5 18. f4 Be6 19. fxe5 fxe5 20. a3 O-O-O
21. Bxa6 Kb8 22. Bb5 Nd4 23. Nxd4 Rxd4 24. Rfe1 h4 25. Rc5 Rd2 26. Re2 Rd1+ 27.
Kf2 f6 28. Kf3 Rg8 29. Rec2 Bg4+ 30. Kf2 h3 31. gxh3 Bxh3 32. R5c3 Be6 33. Bc4
Bxc4 34. Rxc4 Rgg1 35. Rc5 Rh1 36. Rc8+ Ka7 37. Ke3 Rhe1+ 38. Re2 Rf1 39. Rc5
Rd4 40. Rd5 Rc4 41. Kd3 Rcc1 42. Rg2 Rfd1+ 43. Ke3 Re1+ 44. Kf3 Rf1+ 45. Rf2
Rfe1 46. Ra5+ Kb6 47. Ra4 Rc7 48. Rb4+ Ka7 49. Kg4 Rh7 50. Kf5 Rh6 51. Rd2 Rg1
52. Rd7 Rg5+ 53. Ke6 f5+ 54. Kxe5 fxe4+ 55. Kf4 Rg2 56. Rbxb7+ Ka6 57. Kxe4
Rgxh2 58. b3 R2h4+ 59. Kd5 R4h5+ 60. Kd4 Rh4+ 61. Kc5 R4h5+ 62. Kc4 Rh4+ 63.
Kc3 Rh3+ 64. Kd2 Rh2+ 65. Kd3 R2h3+ 66. Ke2 Rh2+ 67. Kf3 R2h3+ 68. Kg4 R3h4+
69. Kf5 R4h5+ 70. Kf4 Rh4+ 71. Ke5 R4h5+ 72. Kf4 Rh4+ 73. Ke3 Rh3+ 74. Kf2 Rh2+
75. Kg3 R2h3+ 76. Kg2 Rh2+ 77. Kg1 Rh1+ 78. Kg2 R1h2+ 79. Kg1 {
Game drawn by mutual agreement} 1/2-1/2